MARC

LEADER 00000nam0a2200000 4500
001 300546
005 20231102001319.0
020 |a RU  |b 83-23634 
035 |a (RuTPU)RU\TPU\book\325699 
090 |a 300546 
100 |a 20150713d1982 km y0rusy5003 ca 
101 0 |a rus 
102 |a RU 
105 |a a z 000zy 
200 1 |a Экономная экономика  |g под общ. ред. Б. И. Гостева, А. Ф. Румянцева 
210 |a Москва  |c Правда  |d 1982 
215 |a 287 с.  |c ил. 
300 |a Авт. указаны на обороте тит. л. 
606 1 |a Экономия и бережливость в народном хозяйстве  |2 stltpush  |3 (RuTPU)RU\TPU\subj\37465  |9 58436 
610 1 |a интенсивные процессы 
610 1 |a наука 
610 1 |a рациональное использование 
610 1 |a производительность труда 
610 1 |a основные фонды 
610 1 |a капитальные вложения 
610 1 |a экономическая эффективность 
610 1 |a продукция 
610 1 |a качество 
610 1 |a хозрасчет 
610 1 |a рентабельность 
610 1 |a трудовые коллективы 
610 1 |a безотходные технологии 
686 |a У9(2)0-87  |2 rubbk 
702 1 |a Гостев  |b Б. И.  |4 070 
702 1 |a Румянцев  |b А. Ф.  |4 340 
801 0 |a RU  |b RuMRKP  |c 19950704  |g psbo 
801 1 |a RU  |b 63413507  |c 20150713 
801 2 |a RU  |b 63413507  |c 20180613  |g RCR 
942 |c BK